000 00612nam a22001937a 4500
999 _c188047
_d188047
005 20220509124444.0
010 _aENG-132565
020 _a9788181714763
_c2450.00
035 _aEN-116097
037 _bDBAD/PUB
082 _a595.752
100 _aGhosh, A.K.
245 _aFauna Of India:
_bHomoptrera : Aphidoidea Subfamily Aphidinae Macrosiphini/
_cA.K. Ghosh and L.K. Ghosh
260 _aKolkata
_bZoological Survey of India
_c2017
270 _aM-Block, New Alipore
_bKolkata
_e700053
300 _a835p.
_bIndex
_c25cm(hbk)
700 _aGhosh, L.K.
942 _2ddc
_cEN
_h595.752
_mGHO